Power cruising bible : the complete guide to coastal and bluewater cruising under power
| Main Author: | |
|---|---|
| Format: | Book |
| Published: |
New York :
Hearst Books ,
1992
|
| Subjects: |
MARC
| LEADER | 00000cam a2200000 7i4500 | ||
|---|---|---|---|
| 001 | 0000001576 | ||
| 002 | 000001722 | ||
| 005 | 20000330.0 | ||
| 020 | |a 0688101658 | ||
| 090 | 0 | 0 | |a 797.125 |b STA |
| 100 | 1 | |a Stapleton, Sidney | |
| 245 | 1 | 0 | |a Power cruising bible : |b the complete guide to coastal and bluewater cruising under power |c Sidney Stapleton |
| 260 | |a New York : |b Hearst Books , |c 1992 | ||
| 300 | |a 428p. ; |c 24cm. | ||
| 650 | 0 | 0 | |a Boats and boating |
| 650 | 0 | 0 | |a Motorboats |
| 999 | |a 034507 |b BUKU |c RUJUKAN |e PERPUSTAKAAN KOMUNITI PETALING JAYA | ||